00557nab a2200181 uc450000100070000000500170000700800410002403500110006503500210007604000130009704100080011010000480011824500330016665000290019977301180022894200100034699900190035672780820240201165830.0020320m01uu2002 spa  a727808 a(OCoLC)819938485 ccomduadb aspa10aBarbieri Masini, Eleonora4auteaut935305113aLa prevision humana y social aHombre y sociedad9959730 tLa Gaceta del Fondo de Cultura Económica (México)gNúmero 373, Enero 2002, p. 13w713461x0185-37160224837 cARIMP c232908d232908